Restauración de la Capilla de San Miguel de Olérdola /
Descripción Física:
Il·lustracions
Colección:
San Jorge,
; núm. 16 (octubre 1954), pàg 75-82
Materias:
Capelles -- Conservació i restauració -- Barcelona (Província)
; Esglésies -- Conservació i restauració -- Barcelona (Província)
; Olèrdola
Idioma:
Español
MARC
| LEADER | 00000naa a2200000 a 4500 | ||
|---|---|---|---|
| 003 | Arxiu | ||
| 005 | 20260324181052.0 | ||
| 008 | 160829s1954 spcaxx s spa c | ||
| 040 | |a AGDB | ||
| 100 | 1 | |a Ferrer Pi, Antonio, |d 1911-2001 |9 46469 | |
| 245 | 1 | 0 | |a Restauración de la Capilla de San Miguel de Olérdola / |c por Antonio Ferrer Pi, diputado provincial Presidente de Estudios de la Biblioteca Museo Balaguer |
| 300 | |b Il·lustracions | ||
| 490 | |a San Jorge, |v núm. 16 (octubre 1954), pàg 75-82 | ||
| 590 | |a Fototgrafies de Publifoto | ||
| 650 | 0 | |a Capelles |x Conservació i restauració |9 55147 |z Barcelona (Província) | |
| 650 | 0 | |a Esglésies |x Conservació i restauració |9 55148 |z Barcelona (Província) | |
| 651 | 0 | |9 50751 |a Olèrdola | |
| 773 | |g Núm. 16 (octubre 1954), pàg 75-82 |t San Jorge. | ||
| 901 | |a Arxiu | ||
| 942 | |n 1 |2 udc |c ART | ||
| 952 | |0 0 |1 0 |4 0 |6 REV509 |7 1 |9 65051 |a Arxiu |b Arxiu |d 2023-01-17 |l 0 |o Rev-509 |r 2023-01-17 00:00:00 |w 2023-01-17 |y ARXIU |z També disponible a Rev-523 | ||
| 999 | |c 57093 |d 57093 | ||